000 01167nam a22003377a 4500
003 CHAP
005 20220329141358.0
008 971013s1958 r 00010 d
010 _a67276
011 _a68248
035 _a77720
040 _cCHAP
090 _aTesis
100 0 0 _aCasas Díaz, Eduardo.
_919773
245 _aHerencia de tres caracteres morfológicos en frijol y su relación con la obtención de variedades puras
260 _aChapingo, Méx. :
_bEl Autor,
_c1958
300 _a46 p.
_b: ilus.
502 _aTesis (Ing. Agrónomo esp. en Fitotecnia) -- ENA. Departamento de Fitotecnia
590 _aALEPH
_b10
_c20130110
_lUCH01
_h1402
590 _aBATCH-UPD
_b10
_c20130110
_lUCH01
_h1355
590 _aBATCH-UPD
_b10
_c20130410
_lUCH01
_h0850
590 _aBATCH-UPD
_b10
_c20130914
_lUCH01
_h0855
590 _aCONVERSION
_b10
_c20130109
_lUCH01
_h1337
650 1 4 _aFrijol
_xFisiología y morfología.
_943380
650 1 4 _aFrijol
_xVariedades.
_943446
901 _aBK
942 _cFOLL
949 _bBC
_cTES
_d-139325
_eTS1
_i77720
_si
949 _bBC
_cTES
_d-139326
_eTS2
_fc.2
_i77720
_si
949 _bBC
_cTES
_d-30591
_eTS2
_fc.3
_h20279
_i77720
_si
999 _c67276
_d67276